[Event "IRI-ch U14 Girls"]
[Site "Chess.com INT"]
[Date "2021.01.16"]
[Round "8"]
[White "Karimi, Setayesh"]
[Black "Sarlak, Negar"]
[Result "1-0"]
[WhiteElo "1627"]
[BlackElo "1117"]
[PlyCount "51"]
[EventDate "2021.01.16"]
[EventType "swiss"]
[EventRounds "9"]
[EventCountry "IRI"]
[SourceTitle "EXT 2022"]
[Source "ChessBase"]
[SourceDate "2021.10.06"]
[SourceVersion "1"]
[SourceVersionDate "2021.10.06"]
[SourceQuality "1"]

1. d4 d5 2. c4 c6 3. cxd5 cxd5 4. Bf4 Nc6 5. e3 a6 6. Nc3 Nf6 7. Nf3 e6 8. Bd3 Nh5 9. Bg5 Be7 10. Bxe7 Qxe7 11. 0-0 0-0 12. Rc1 Nf6 13. Na4 Qd8 14. a3 Bd7 15. Nc5 Rb8 16. Qc2 Qe7 17. b4 Rfc8 18. Qb1 Be8 19. Rc3 Qd8 20. Rfc1 Nd7 21. Bxh7+ Kh8 22. Bd3 Nf6 23. a4 Qd6 24. b5 Ne7 25. Ne5 g6 26. Nxb7 1-0